000 00371nam a2200181Ia 4500
003 IT-RoPAU
008 120407s9999 xx 000 0 und d
040 _aIT-RoPAU
040 _cIT-RoPAU
100 _aJosef Kurzinger
245 _aAtti degli Apostoli
250 _aRoma
260 _aCittà Nuova
300 _c cm
490 _v2
942 _cBK
999 _c1832
_d1832